| 000 | 00546nam a2200193 i 4500 | ||
|---|---|---|---|
| 001 | 104187 | ||
| 003 | ES-MaACL | ||
| 005 | 20230906183533.0 | ||
| 007 | t| | ||
| 008 | 051124s1953 sp ||||1| cat d | ||
| 100 | 1 |
_aMialet, Pere. _980848 |
|
| 245 | 1 | 0 |
_aCanvi de ruta _b: comedia en tres actes i en prosa / _cPere Mialet. |
| 260 |
_aValls (Tarragona) : _bPatual, _c1953. |
||
| 300 |
_a68 p. ; _c21 cm. |
||
| 490 | 1 |
_aLlamas ; _v23 |
|
| 830 | 0 |
_aLlamas ; _v23 _9232628 |
|
| 852 |
_aES-MaACL _j1960-F-8 _bR.35606 |
||
| 999 |
_c104187 _d104187 |
||